Statistics for The Strokes Lyrics - Soma

Click here to take the quiz!

General Stats

  • This quiz has been taken 18 times
  • The average score is 109 of 151

Answer Stats

Lyrics% Correct
a
100%
eyes
100%
I
100%
In
100%
in
100%
is
100%
Soma
100%
take
100%
the
100%
they
100%
what
100%
When
100%
when
100%
would
100%
And
91%
and
91%
"And
91%
go
91%
their
91%
your
91%
am
82%
for
82%
Hard
82%
hard
82%
no
82%
oh,
82%
Oh,
82%
Stop
82%
time
82%
times
82%
to
82%
be
73%
first
73%
he
73%
her
73%
I'm
73%
me
73%
new
73%
not
73%
Saw
73%
saw
73%
been
64%
darling
64%
it
64%
"I've
64%
let
64%
like
64%
more
64%
See,
64%
Then
64%
trying
64%
way
64%
yeah,
64%
against
55%
as
55%
closed
55%
doing
55%
-five
55%
High
55%
I'll
55%
liked
55%
Lips
55%
listening
55%
opened
55%
stakes
55%
them
55%
there,"
55%
this
55%
Too
55%
twenty
55%
Well,
55%
years"
55%
asking
45%
but
45%
few
45%
fig
45%
his
45%
keep
45%
Losing
45%
moved
45%
pain
45%
Racing
45%
Says,
45%
says
45%
somehow
45%
sunbeams
45%
that's
45%
these
45%
tried
45%
Tried
45%
was
45%
friends,
36%
Heard
36%
hide
36%
names
36%
once
36%
out
36%
something
36%
trees
36%
voice
36%
walks
36%
Let's
27%

Score Distribution

Percentile by Number Answered

Percent of People with Each Score

Your Score History

You have not taken this quiz